000 00268nam a2200121Ia 4500
005 20251222144913.0
008 251222s9999||||xx |||||||||||||| ||spa||
082 _a254.9/N53
100 _aNicholson, Jim
245 0 _aUsa e Santa Sed:
264 _bRoma
942 _cLIB
999 _c22429
_d22429